| 000 | 00515nam a2200169 i 4500 | ||
|---|---|---|---|
| 001 | 142948 | ||
| 003 | ES-MaACL | ||
| 005 | 20230906200653.0 | ||
| 007 | t| | ||
| 008 | 071011s1945 sp a |||| | spa d | ||
| 100 | 1 |
_aVidal Tur, Gonzalo. _9114519 |
|
| 245 | 1 | 0 |
_aEstampas verónico-levantinas / _cGonzalo Vidal Tur. |
| 260 |
_aAlicante : _b[s.n.], _c1945 ( _fGráfs. Gutenberg) |
||
| 300 |
_a242 p. : _bil. ; _c25 cm. |
||
| 651 | 4 |
_aAlicante (Provincia)- _xUsos y costumbres. _9168803 |
|
| 852 |
_aES-MaACL _jB-10712 |
||
| 999 |
_c142948 _d142948 |
||